00781nam a2200241Ia 450000100060000000300090000600800410001504000130005604000130006904100130008210000290009510000290012424500420015324500870019525000110028226000110029326000120030426000490031630000590036550000600042465000240048465000310050886607IT-RoPAU130308s9999 xx 000 0 und d aIT-RoPAU cIT-RoPAU aSPAGNOLO aHernandez Esteve Vicente gCodice Aut. SPICS: 30846 aTeoria y tecnica del analisis filmico bElementos Para una Semiotica del Texto Artistico (Poesia, Narrativa, Teatro, Cine) a1a ed. aMADRID bCatedra c1988 [1° Ed.:1988 - Ed.Ling.Originale:1988] a"27 p. (prefazione: no ; testo: 27 [pagine: 201-227])" aTeoria e Tecnica dell'Analisi Filmica Referente Filmico aSAGGI DI SEMIOLOGIA eCodice materia Spics: 3257